[Event "Hoogeveen Unive op 17th"]
[Site "Hoogeveen"]
[Date "2013.10.22"]
[Round "5"]
[White "Piasetski, Leon"]
[Black "Kolodkin, Daniil"]
[Result "1-0"]
[WhiteElo "2295"]
[BlackElo "1981"]
[PlyCount "91"]
[GameId "1166657553100800"]
[EventDate "2013.10.18"]
[EventType "swiss"]
[EventRounds "9"]
[EventCountry "NED"]
[SourceTitle "EXT 2014"]
[Source "ChessBase"]
[SourceDate "2013.11.20"]
[SourceVersion "1"]
[SourceVersionDate "2013.11.20"]
[SourceQuality "1"]

1. c4 c5 2. Nf3 Nc6 3. d4 cxd4 4. Nxd4 Nf6 5. Nc3 e6 6. a3 d5 7. cxd5 Nxd5 8. Nxc6 bxc6 9. Qc2 Qa5 10. Bd2 Bb4 11. Ne4 O-O 12. Rc1 Bxd2+ 13. Qxd2 Qb6 14. g3 a5 15. Nc5 Rd8 16. e4 Nf6 17. Qc3 Rb8 18. Rc2 h6 19. Be2 Bb7 20. O-O Ba8 21. Rd1 Rxd1+ 22. Bxd1 Rd8 23. Bf3 Nd7 24. Rd2 Nxc5 25. Rxd8+ Qxd8 26. Qxc5 Qc7 27. e5 g6 28. b4 axb4 29. axb4 Qb8 30. Be4 Kg7 31. f4 Qd8 32. Qd6 Qb6+ 33. Qc5 Qd8 34. h3 Qd1+ 35. Kh2 Qd2+ 36. Bg2 Qa2 37. Qa5 Qxa5 38. bxa5 Bb7 39. Kg1 Kf8 40. Kf2 Ke7 41. Ke3 Kd7 42. Kd3 Kc7 43. Kc4 Ba6+ 44. Kc5 Bb5 45. h4 h5 46. Bf3 1-0

[Event "Hoogeveen Unive op 17th"]
[Site "Hoogeveen"]
[Date "2013.10.24"]
[Round "7"]
[White "Piasetski, Leon"]
[Black "Kollen, Zyon"]
[Result "1/2-1/2"]
[WhiteElo "2295"]
[BlackElo "2188"]
[PlyCount "47"]
[GameId "1166657553395712"]
[EventDate "2013.10.18"]
[EventType "swiss"]
[EventRounds "9"]
[EventCountry "NED"]
[SourceTitle "EXT 2014"]
[Source "ChessBase"]
[SourceDate "2013.11.20"]
[SourceVersion "1"]
[SourceVersionDate "2013.11.20"]
[SourceQuality "1"]

1. c4 Nf6 2. Nc3 g6 3. e4 d6 4. d4 Bg7 5. h3 O-O 6. Be3 e5 7. d5 a5 8. Bd3 Na6 9. Nge2 c5 10. g4 h5 11. f3 Nh7 12. Ng3 h4 13. Nf1 Bf6 14. Qe2 Bg5 15. O-O-O Nc7 16. Kb1 Bd7 17. Bf2 Bf4 18. Ne3 Bxe3 19. Bxe3 g5 20. a3 b6 21. b3 Qe7 22. Rd2 Rfb8 23. Rb2 Nf8 24. Qd2 1/2-1/2

[Event "Hoogeveen Unive op 17th"]
[Site "Hoogeveen"]
[Date "2013.10.25"]
[Round "8"]
[White "Vereggen, Lars"]
[Black "Piasetski, Leon"]
[Result "1/2-1/2"]
[WhiteElo "2121"]
[BlackElo "2295"]
[PlyCount "65"]
[GameId "1166657553604608"]
[EventDate "2013.10.18"]
[EventType "swiss"]
[EventRounds "9"]
[EventCountry "NED"]
[SourceTitle "EXT 2014"]
[Source "ChessBase"]
[SourceDate "2013.11.20"]
[SourceVersion "1"]
[SourceVersionDate "2013.11.20"]
[SourceQuality "1"]

1. d4 Nf6 2. c4 e6 3. Nc3 Bb4 4. e3 c5 5. Nge2 d6 6. a3 Ba5 7. g3 Nc6 8. Bg2 Bd7 9. O-O a6 10. Rb1 Rb8 11. b4 Bc7 12. f4 cxd4 13. exd4 Ne7 14. Bb2 d5 15. c5 b5 16. cxb6 Bxb6 17. Qd3 a5 18. b5 O-O 19. a4 Rc8 20. Ba3 Re8 21. Rfc1 Rc4 22. Nd1 Rxa4 23. Bc5 Rc4 24. Rxc4 dxc4 25. Qxc4 Ned5 26. Nec3 Bc8 27. Na4 Bc7 28. b6 Bb8 29. b7 Bd7 30. Bb6 Qe7 31. Bc5 Qd8 32. Bb6 Qe7 33. Bc5 1/2-1/2

[Event "Hoogeveen Unive op 17th"]
[Site "Hoogeveen"]
[Date "2013.10.26"]
[Round "9"]
[White "Piasetski, Leon"]
[Black "Gieben, Stijn"]
[Result "1-0"]
[WhiteElo "2295"]
[BlackElo "2022"]
[PlyCount "65"]
[GameId "1166657553715200"]
[EventDate "2013.10.18"]
[EventType "swiss"]
[EventRounds "9"]
[EventCountry "NED"]
[SourceTitle "EXT 2014"]
[Source "ChessBase"]
[SourceDate "2013.11.20"]
[SourceVersion "1"]
[SourceVersionDate "2013.11.20"]
[SourceQuality "1"]

1. c4 e5 2. Nc3 Bb4 3. Nf3 Bxc3 4. bxc3 d6 5. g3 Nc6 6. d3 h6 7. Bg2 Be6 8. Rb1 Rb8 9. e4 Nge7 10. Nh4 O-O 11. g4 Kh7 12. Nf5 Ng8 13. h4 g6 14. Ng3 Nce7 15. f4 f5 16. h5 fxe4 17. hxg6+ Nxg6 18. f5 Nf4 19. Bxf4 exf4 20. Nxe4 d5 21. fxe6 dxe4 22. Bxe4+ Kg7 23. Qf3 Qf6 24. Kd2 Qxe6 25. g5 hxg5 26. Rh7+ Kf6 27. Qh5 Qe8 28. Qh1 Qe5 29. d4 Qa5 30. Qh5 Qxa2+ 31. Bc2 Ke6 32. Qg4+ Kd6 33. Qd7# 1-0

[Event "Alajuela op 5th"]
[Site "Alajuela"]
[Date "2014.01.25"]
[Round "7"]
[White "Piasetski, Leon"]
[Black "Ramirez Alvarez, Alejandro"]
[Result "0-1"]
[WhiteElo "2288"]
[BlackElo "2600"]
[PlyCount "58"]
[GameId "1166657864273920"]
[EventDate "2014.01.22"]
[EventType "swiss"]
[EventRounds "9"]
[EventCountry "CRI"]
[SourceTitle "CBM 158 Extra"]
[Source "ChessBase"]
[SourceDate "2014.02.28"]
[SourceVersion "1"]
[SourceVersionDate "2014.02.28"]
[SourceQuality "1"]

1. Nf3 b5 2. e4 Bb7 3. Bxb5 Bxe4 4. d4 e6 5. O-O Nf6 6. c4 Be7 7. Nc3 Bb7 8. Bf4 O-O 9. d5 d6 10. Re1 c6 11. dxc6 Nxc6 12. Bxc6 Bxc6 13. Nd4 Bb7 14. Ndb5 Ne8 15. Qe2 a6 16. Na3 Rc8 17. Nd5 Bh4 18. g3 exd5 19. gxh4 dxc4 20. Bg5 Nf6 21. Rac1 h6 22. Be3 Qd7 23. f3 Qf5 24. Rf1 Rfe8 25. Nxc4 Nd5 26. Qf2 Rxc4 27. Rxc4 Nxe3 28. Re1 Nxc4 29. Rxe8+ Kh7 0-1

[Event "Iasi op"]
[Site "Iasi"]
[Date "2015.06.05"]
[Round "8"]
[White "Piasetski, Leon"]
[Black "Anton, Teodor"]
[Result "1-0"]
[WhiteElo "2272"]
[BlackElo "2428"]
[PlyCount "75"]
[GameId "1166659412971520"]
[EventDate "2015.05.29"]
[EventType "swiss"]
[EventRounds "9"]
[EventCountry "ROU"]
[SourceTitle "EXT 2016"]
[Source "ChessBase"]
[SourceDate "2015.10.08"]
[SourceVersion "1"]
[SourceVersionDate "2015.10.08"]
[SourceQuality "1"]

1. Nf3 c5 2. c4 Nf6 3. g3 b6 4. Bg2 Bb7 5. O-O g6 6. d4 cxd4 7. Qxd4 Bg7 8. Nc3 O-O 9. Qh4 d6 10. Bh6 Nbd7 11. Rac1 Rc8 12. b3 Rc5 13. Bxg7 Kxg7 14. Qd4 Qa8 15. Rfd1 Rfc8 16. Ne1 Bxg2 17. Nxg2 a6 18. a4 h5 19. Ne3 h4 20. g4 h3 21. f3 e5 22. Qxd6 R5c6 23. Qd2 Nc5 24. Qb2 Re8 25. Ncd5 Nfd7 26. b4 Ne6 27. b5 axb5 28. axb5 Rc5 29. Nb4 Nd4 30. Rxd4 exd4 31. Qxd4+ Kg8 32. Nd3 Rcc8 33. Kf2 Qb8 34. f4 Nc5 35. Nd5 Nxd3+ 36. exd3 Re6 37. g5 Rce8 38. Re1 1-0

[Event "Figueira da Foz op 9th"]
[Site "Figueira da Foz"]
[Date "2015.11.23"]
[Round "4"]
[White "Piasetski, Leon"]
[Black "Guerreiro, Nuno M"]
[Result "1/2-1/2"]
[WhiteElo "2291"]
[BlackElo "2084"]
[PlyCount "147"]
[GameId "1166660078747648"]
[EventDate "2015.11.21"]
[EventType "swiss"]
[EventRounds "9"]
[EventCountry "POR"]
[SourceTitle "CBM 169 Extra"]
[Source "ChessBase"]
[SourceDate "2015.12.18"]
[SourceVersion "1"]
[SourceVersionDate "2015.12.18"]
[SourceQuality "1"]

1. c4 Nc6 2. g3 d5 3. cxd5 Qxd5 4. Nf3 Qh5 5. Qb3 e5 6. d3 Bc5 7. Bg2 Bb6 8. Nbd2 Bh3 9. Bxh3 Qxh3 10. Qxf7+ Kxf7 11. Ng5+ Ke7 12. Nxh3 Nf6 13. b3 h6 14. Nc4 Ke6 15. Be3 g5 16. f3 Nb4 17. Kd2 Bd4 18. Bxd4 exd4 19. a3 Nbd5 20. Na5 Nd7 21. Nxb7 a5 22. b4 axb4 23. axb4 Nxb4 24. Nf2 Rhb8 25. Na5 Nc5 26. Rhb1 Nd5 27. Ne4 Rxb1 28. Nxc5+ Kf5 29. Rxb1 Rxa5 30. Rc1 Nc3 31. Nb3 Ra2+ 32. Rc2 Rxc2+ 33. Kxc2 Nxe2 34. Kd2 Ng1 35. Nxd4+ Ke5 36. Ke3 Nh3 37. Ne2 h5 38. Nc3 c6 39. Ne2 c5 40. Nc3 h4 41. Ne4 hxg3 42. hxg3 Kd5 43. Nc3+ Ke5 44. Na4 Kd5 45. Ke2 Kd4 46. Kf1 Kxd3 47. Kg2 g4 48. fxg4 Ng5 49. Nxc5+ Kd4 50. Nd7 Kd5 51. Kf2 Ke6 52. Nb6 Ke5 53. Nc4+ Kf6 54. Ke3 Ne6 55. Ke4 Ng5+ 56. Kf4 Ne6+ 57. Ke3 Kg5 58. Ne5 Kf6 59. Nf3 Ng7 60. Kf2 Ne6 61. Kg2 Kg6 62. Nd2 Ng5 63. Kf2 Kf6 64. Ke3 Kg6 65. Ne4 Ne6 66. Kf3 Ng5+ 67. Kf4 Ne6+ 68. Ke5 Ng5 69. Nd2 Nh3 70. Nf3 Nf2 71. Kf4 Nd3+ 72. Ke3 Nc5 73. Ne5+ Kf6 74. Kd4 1/2-1/2

[Event "Figueira da Foz op 9th"]
[Site "Figueira da Foz"]
[Date "2015.11.24"]
[Round "5"]
[White "Marcal, Armando Paulo Gomes"]
[Black "Piasetski, Leon"]
[Result "0-1"]
[WhiteElo "1770"]
[BlackElo "2291"]
[PlyCount "72"]
[GameId "1166660078788608"]
[EventDate "2015.11.21"]
[EventType "swiss"]
[EventRounds "9"]
[EventCountry "POR"]
[SourceTitle "CBM 169 Extra"]
[Source "ChessBase"]
[SourceDate "2015.12.18"]
[SourceVersion "1"]
[SourceVersionDate "2015.12.18"]
[SourceQuality "1"]

1. e4 c5 2. Nf3 e6 3. d4 cxd4 4. Nxd4 a6 5. c4 Nf6 6. Nc3 Qc7 7. Be3 Bb4 8. f3 Bxc3+ 9. bxc3 d6 10. Qb3 Nbd7 11. Rb1 Rb8 12. Be2 b6 13. O-O O-O 14. Rfd1 Nc5 15. Qa3 Nfd7 16. Bf2 Ne5 17. Bg3 f5 18. Nb3 Bb7 19. exf5 exf5 20. Rd4 g5 21. Rbd1 f4 22. Bf2 Rbd8 23. R4d2 g4 24. Nd4 Qg7 25. Kh1 Qh6 26. Bg1 gxf3 27. Bxf3 Nxc4 28. Qb4 Bxf3 29. Qxc4+ d5 30. Qf1 Ne4 31. Bf2 Nxd2 32. Rxd2 Be4 33. Nf3 b5 34. Bd4 Rf5 35. Bg1 Rc8 36. Nd4 Rg5 0-1

[Event "Figueira da Foz op 9th"]
[Site "Figueira da Foz"]
[Date "2015.11.25"]
[Round "6"]
[White "Sousa, Andre Ventura"]
[Black "Piasetski, Leon"]
[Result "1-0"]
[WhiteElo "2251"]
[BlackElo "2291"]
[PlyCount "94"]
[GameId "1166660078870528"]
[EventDate "2015.11.21"]
[EventType "swiss"]
[EventRounds "9"]
[EventCountry "POR"]
[SourceTitle "CBM 169 Extra"]
[Source "ChessBase"]
[SourceDate "2015.12.18"]
[SourceVersion "1"]
[SourceVersionDate "2015.12.18"]
[SourceQuality "1"]

1. e4 c5 2. Nf3 e6 3. d4 cxd4 4. Nxd4 a6 5. c4 Nf6 6. Nc3 Qc7 7. a3 d6 8. Be3 b6 9. Be2 Bb7 10. f3 Be7 11. O-O O-O 12. Qd2 Nbd7 13. b4 Rac8 14. Rfc1 Rfe8 15. Na4 Qb8 16. Bf1 Bd8 17. Kh1 Bc7 18. Bg1 d5 19. c5 Bf4 20. Be3 Bxe3 21. Qxe3 e5 22. Nf5 dxe4 23. fxe4 Nxe4 24. Bxa6 bxc5 25. bxc5 Qa8 26. Bxb7 Qxb7 27. Rab1 Qc6 28. Nb6 Rcd8 29. Rd1 Nexc5 30. Rd6 Qb7 31. Rbd1 g6 32. Nh6+ Kg7 33. Ng4 f5 34. Qh6+ Kh8 35. Nf6 Nxf6 36. Rxd8 Qe7 37. Rxe8+ Qxe8 38. Rc1 Nfe4 39. Nd5 Qd8 40. Rb1 Kg8 41. Rb6 f4 42. Kg1 Ng5 43. Rc6 Qa5 44. Rc8+ Kf7 45. Qf8+ Ke6 46. Nc7+ Kd7 47. Qd8+ Kc6 1-0

[Event "Figueira da Foz op 9th"]
[Site "Figueira da Foz"]
[Date "2015.11.26"]
[Round "7"]
[White "Piasetski, Leon"]
[Black "Paiva, Henrique MA Alberg"]
[Result "1-0"]
[WhiteElo "2291"]
[BlackElo "1916"]
[PlyCount "97"]
[GameId "1166660078907392"]
[EventDate "2015.11.21"]
[EventType "swiss"]
[EventRounds "9"]
[EventCountry "POR"]
[SourceTitle "CBM 169 Extra"]
[Source "ChessBase"]
[SourceDate "2015.12.18"]
[SourceVersion "1"]
[SourceVersionDate "2015.12.18"]
[SourceQuality "1"]

1. c4 e5 2. Nc3 Nc6 3. Nf3 Nf6 4. g3 g6 5. d4 exd4 6. Nxd4 Bg7 7. Nxc6 bxc6 8. Bg2 O-O 9. O-O Re8 10. Qa4 a5 11. Rd1 Qe7 12. Bf4 Ng4 13. Qc2 Qb4 14. Na4 Ne5 15. Rac1 h6 16. b3 Qe7 17. h3 g5 18. Bd2 Bb7 19. Bc3 d6 20. Qd2 Rac8 21. Bxa5 f5 22. Bc3 Ng6 23. Bxg7 Qxg7 24. e3 f4 25. exf4 gxf4 26. Qc3 Re5 27. Re1 Rce8 28. Rxe5 Rxe5 29. Re1 Rxe1+ 30. Qxe1 Ne5 31. Kh2 Qf6 32. Qc3 f3 33. Bf1 c5 34. Qe3 Qg6 35. Kg1 Bc8 36. Nc3 c6 37. Ne4 Bf5 38. Nxc5 Kh7 39. a4 Qh5 40. Ne4 Qg6 41. Nd2 Qh5 42. c5 Bxh3 43. Bxh3 Qxh3 44. Nxf3 Qf5 45. Nxe5 dxe5 46. Kg2 h5 47. Qf3 Qg6 48. a5 Qe6 49. Qxh5+ 1-0

[Event "Figueira da Foz op 9th"]
[Site "Figueira da Foz"]
[Date "2015.11.28"]
[Round "9"]
[White "Piasetski, Leon"]
[Black "Paunovic, Dragan"]
[Result "1/2-1/2"]
[WhiteElo "2291"]
[BlackElo "2435"]
[PlyCount "60"]
[GameId "1166660079038464"]
[EventDate "2015.11.21"]
[EventType "swiss"]
[EventRounds "9"]
[EventCountry "POR"]
[SourceTitle "CBM 169 Extra"]
[Source "ChessBase"]
[SourceDate "2015.12.18"]
[SourceVersion "1"]
[SourceVersionDate "2015.12.18"]
[SourceQuality "1"]

1. Nf3 c5 2. c4 Nc6 3. Nc3 g6 4. e3 Nf6 5. d4 cxd4 6. exd4 d5 7. cxd5 Nxd5 8. Qb3 Nxc3 9. Bc4 Nd5 10. Bxd5 e6 11. Bxc6+ bxc6 12. O-O f6 13. Be3 Qd5 14. Nd2 Bd6 15. Rfc1 Kf7 16. Qc2 Bb7 17. Ne4 Rhd8 18. Nxd6+ Rxd6 19. Qc5 Qxc5 20. Rxc5 Rd5 21. Rac1 Rad8 22. f3 Rxc5 23. Rxc5 Rd5 24. Rc2 Ke7 25. Kf2 h5 26. h4 Kd7 27. b3 Rf5 28. Rc4 Ra5 29. Rc2 Rf5 30. Rc4 Ra5 1/2-1/2

[Event "Lille Luce op 7th"]
[Site "Lille"]
[Date "2016.04.09"]
[Round "1"]
[White "Griffon, Olivier"]
[Black "Piasetski, Leon"]
[Result "0-1"]
[WhiteElo "1914"]
[BlackElo "2282"]
[PlyCount "74"]
[GameId "1166660384505856"]
[EventDate "2016.04.09"]
[EventType "swiss"]
[EventRounds "7"]
[EventCountry "FRA"]
[SourceTitle "CBM 171 Extra"]
[Source "ChessBase"]
[SourceDate "2016.04.26"]
[SourceVersion "1"]
[SourceVersionDate "2016.04.26"]
[SourceQuality "1"]

1. e4 g6 2. d4 Bg7 3. Be3 d6 4. Nc3 a6 5. Qd2 b5 6. a3 Nd7 7. h4 h5 8. g3 Bb7 9. Bg2 Ngf6 10. f4 Ng4 11. Nf3 c5 12. Bg1 cxd4 13. Nxd4 O-O 14. O-O-O Nb6 15. Bf3 Nc4 16. Qe2 e5 17. Nb3 Qc8 18. Bxg4 Qxg4 19. Qxg4 hxg4 20. Nd2 Rac8 21. Nxc4 Rxc4 22. Rxd6 exf4 23. gxf4 Bxe4 24. Nxe4 Rxe4 25. Bh2 Re2 26. Bg3 Rg2 27. Be1 Bh6 28. Rf1 Re8 29. Bc3 g3 30. Kd1 Rf2 31. Re1 Rc8 32. Rd2 Bxf4 33. Rxf2 gxf2 34. Rf1 Bg3 35. h5 Re8 36. hxg6 fxg6 37. Rh1 Re4 0-1

[Event "Lille Luce op 7th"]
[Site "Lille"]
[Date "2016.04.10"]
[Round "2"]
[White "Piasetski, Leon"]
[Black "Kveinys, Aloyzas"]
[Result "1/2-1/2"]
[WhiteElo "2282"]
[BlackElo "2542"]
[PlyCount "22"]
[GameId "1166660384665600"]
[EventDate "2016.04.09"]
[EventType "swiss"]
[EventRounds "7"]
[EventCountry "FRA"]
[SourceTitle "CBM 171 Extra"]
[Source "ChessBase"]
[SourceDate "2016.04.26"]
[SourceVersion "1"]
[SourceVersionDate "2016.04.26"]
[SourceQuality "1"]

1. d4 Nf6 2. c4 e6 3. Nc3 Bb4 4. f3 c5 5. d5 d6 6. e4 O-O 7. Nge2 b5 8. a3 Ba5 9. b4 cxb4 10. Nxb5 exd5 11. cxd5 Qb6 1/2-1/2

[Event "Lille Luce op 7th"]
[Site "Lille"]
[Date "2016.04.11"]
[Round "3"]
[White "Chmielina, Maxence"]
[Black "Piasetski, Leon"]
[Result "0-1"]
[WhiteElo "1658"]
[BlackElo "2282"]
[PlyCount "42"]
[GameId "1166660384722944"]
[EventDate "2016.04.09"]
[EventType "swiss"]
[EventRounds "7"]
[EventCountry "FRA"]
[SourceTitle "CBM 171 Extra"]
[Source "ChessBase"]
[SourceDate "2016.04.26"]
[SourceVersion "1"]
[SourceVersionDate "2016.04.26"]
[SourceQuality "1"]

1. d4 g6 2. c4 Bg7 3. Nc3 c5 4. e3 Nf6 5. Nf3 O-O 6. g3 cxd4 7. exd4 d5 8. cxd5 Nxd5 9. Be3 Nxe3 10. fxe3 Nc6 11. Bg2 e5 12. d5 Ne7 13. e4 Qb6 14. Qe2 Bd7 15. O-O-O Rac8 16. h3 Bh6+ 17. Nd2 Ba4 18. Rhe1 Rxc3+ 19. bxc3 Rc8 20. Qd3 Qb4 21. Re3 Bxd1 0-1

[Event "Lille Luce op 7th"]
[Site "Lille"]
[Date "2016.04.11"]
[Round "4"]
[White "Piasetski, Leon"]
[Black "Nikolov, Momchil"]
[Result "1/2-1/2"]
[WhiteElo "2282"]
[BlackElo "2559"]
[PlyCount "45"]
[GameId "1166660384923648"]
[EventDate "2016.04.09"]
[EventType "swiss"]
[EventRounds "7"]
[EventCountry "FRA"]
[SourceTitle "CBM 171 Extra"]
[Source "ChessBase"]
[SourceDate "2016.04.26"]
[SourceVersion "1"]
[SourceVersionDate "2016.04.26"]
[SourceQuality "1"]

1. Nf3 Nf6 2. c4 b6 3. d4 e6 4. e3 Bb7 5. Bd3 d5 6. cxd5 exd5 7. O-O Bd6 8. Nc3 O-O 9. b3 a6 10. Bb2 Nbd7 11. Ne2 Qe7 12. Ng3 g6 13. Rc1 Ne4 14. Qc2 Rac8 15. Qe2 b5 16. a4 c6 17. Rc2 h5 18. Ra1 h4 19. Nf1 f5 20. axb5 cxb5 21. Rac1 Rxc2 22. Rxc2 Kg7 23. Qd1 1/2-1/2

[Event "Lille Luce op 7th"]
[Site "Lille"]
[Date "2016.04.12"]
[Round "5"]
[White "Lemiere, Frederic"]
[Black "Piasetski, Leon"]
[Result "1/2-1/2"]
[WhiteElo "1982"]
[BlackElo "2282"]
[PlyCount "98"]
[GameId "1166660384997376"]
[EventDate "2016.04.09"]
[EventType "swiss"]
[EventRounds "7"]
[EventCountry "FRA"]
[SourceTitle "CBM 171 Extra"]
[Source "ChessBase"]
[SourceDate "2016.04.26"]
[SourceVersion "1"]
[SourceVersionDate "2016.04.26"]
[SourceQuality "1"]

1. d4 Nf6 2. Nf3 e6 3. e3 b6 4. Bd3 Bb7 5. O-O g6 6. c4 Ne4 7. Nfd2 d5 8. cxd5 exd5 9. Nc3 Nxd2 10. Bxd2 Bg7 11. e4 dxe4 12. Bxe4 Bxe4 13. Nxe4 O-O 14. Be3 Nc6 15. d5 Ne7 16. d6 cxd6 17. Bg5 f6 18. Qb3+ d5 19. Bf4 Kh8 20. Rad1 Qd7 21. Nc3 Rad8 22. Nb5 a6 23. Nd4 b5 24. Rfe1 Rfe8 25. Ne6 Rc8 26. Qa3 Nc6 27. Nxg7 Kxg7 28. Qxa6 Nd4 29. Qd6 Qxd6 30. Bxd6 Rxe1+ 31. Rxe1 Rc2 32. h4 Nf5 33. Ba3 Rc4 34. g3 b4 35. b3 Rd4 36. Bc1 h6 37. Kg2 g5 38. hxg5 hxg5 39. Be3 Nxe3+ 40. Rxe3 Rd2 41. Re7+ Kg6 42. Kf3 Rxa2 43. Rb7 Kf5 44. Rxb4 Ke5 45. Ke3 Rb2 46. f4+ gxf4+ 47. gxf4+ Kf5 48. Kf3 Rc2 49. Ke3 Rb2 1/2-1/2

[Event "Lille Luce op 7th"]
[Site "Lille"]
[Date "2016.04.13"]
[Round "6"]
[White "Piasetski, Leon"]
[Black "Maupin, Valerie"]
[Result "1/2-1/2"]
[WhiteElo "2282"]
[BlackElo "2048"]
[PlyCount "81"]
[GameId "1166660385173504"]
[EventDate "2016.04.09"]
[EventType "swiss"]
[EventRounds "7"]
[EventCountry "FRA"]
[SourceTitle "CBM 171 Extra"]
[Source "ChessBase"]
[SourceDate "2016.04.26"]
[SourceVersion "1"]
[SourceVersionDate "2016.04.26"]
[SourceQuality "1"]

1. c4 e6 2. Nc3 d5 3. d4 Nf6 4. Bg5 Nbd7 5. e3 c6 6. Nf3 Qa5 7. cxd5 Nxd5 8. Qd2 h6 9. Bh4 Nxc3 10. bxc3 b6 11. Bd3 Ba6 12. O-O Bxd3 13. Qxd3 Ba3 14. c4 O-O 15. Rab1 Rfe8 16. c5 e5 17. Qf5 Re6 18. Rfd1 g6 19. Qc2 bxc5 20. Rb7 e4 21. Nd2 Nb6 22. Nb3 Qa6 23. Re7 Rxe7 24. Bxe7 cxd4 25. Bxa3 Qxa3 26. Rxd4 Re8 27. h4 c5 28. Qxc5 Qxa2 29. Qb4 Qb1+ 30. Kh2 Qf1 31. Kg3 h5 32. Nc5 Qe2 33. Rxe4 Rxe4 34. Qxe4 Qd1 35. Qe8+ Kg7 36. Qe5+ Kg8 37. Kh2 Qd8 38. g3 Nc4 39. Qf4 Nd2 40. Qb4 Qd6 41. Qc3 1/2-1/2

[Event "Lille Luce op 7th"]
[Site "Lille"]
[Date "2016.04.13"]
[Round "7"]
[White "Manet, Eric"]
[Black "Piasetski, Leon"]
[Result "0-1"]
[WhiteElo "1931"]
[BlackElo "2282"]
[PlyCount "70"]
[GameId "1166660385251328"]
[EventDate "2016.04.09"]
[EventType "swiss"]
[EventRounds "7"]
[EventCountry "FRA"]
[SourceTitle "CBM 171 Extra"]
[Source "ChessBase"]
[SourceDate "2016.04.26"]
[SourceVersion "1"]
[SourceVersionDate "2016.04.26"]
[SourceQuality "1"]

1. e4 g6 2. d4 Bg7 3. Nc3 d6 4. Be3 a6 5. Qd2 b5 6. f3 Nd7 7. h4 h5 8. O-O-O Bb7 9. Nh3 Rc8 10. Nf2 c5 11. dxc5 Nxc5 12. Kb1 b4 13. Nd5 Bxd5 14. exd5 Qa5 15. Bd4 Bxd4 16. Qxd4 Nf6 17. b3 Ncd7 18. Ne4 O-O 19. Be2 Nxe4 20. fxe4 Ne5 21. g4 hxg4 22. h5 g5 23. Rdg1 f6 24. Bxg4 Nxg4 25. Rxg4 Rxc2 26. Kxc2 Qxa2+ 27. Kd3 Rc8 28. Qxb4 Qc2+ 29. Kd4 Qf2+ 30. Kd3 Qf3+ 31. Kd4 Qxh1 32. Qd2 Rc1 33. Rxg5+ Kf7 34. Qf2 Qd1+ 35. Ke3 Rc3+ 0-1

[Event "Iasi op 3rd"]
[Site "Iasi"]
[Date "2016.06.14"]
[Round "2"]
[White "Nevednichy, Vladislav"]
[Black "Piasetski, Leon"]
[Result "1/2-1/2"]
[WhiteElo "2551"]
[BlackElo "2306"]
[PlyCount "50"]
[GameId "1166660535152640"]
[EventDate "2016.06.13"]
[EventType "swiss"]
[EventRounds "9"]
[EventCountry "ROU"]
[SourceTitle "CBM 173 Extra"]
[Source "ChessBase"]
[SourceDate "2016.08.29"]
[SourceVersion "1"]
[SourceVersionDate "2016.08.29"]
[SourceQuality "1"]

1. e4 g6 2. d4 Bg7 3. Nf3 d6 4. c3 Nf6 5. Bd3 O-O 6. O-O Nc6 7. Na3 e5 8. h3 d5 9. exd5 Nxd5 10. dxe5 Nxe5 11. Be4 Nb6 12. Bf4 Qxd1 13. Raxd1 Nxf3+ 14. Bxf3 c6 15. Rd2 Be6 16. Bd1 Nd5 17. Bg3 Bh6 18. Re2 Nf4 19. Bxf4 Bxf4 20. Bb3 Bxb3 21. axb3 Rfe8 22. Rfe1 Kf8 23. Nc4 Rxe2 24. Rxe2 Rd8 25. g3 Bc7 1/2-1/2

[Event "Iasi op 3rd"]
[Site "Iasi"]
[Date "2016.06.18"]
[Round "7"]
[White "Piasetski, Leon"]
[Black "Istratescu, Andrei"]
[Result "0-1"]
[WhiteElo "2306"]
[BlackElo "2592"]
[PlyCount "44"]
[GameId "1166660535357440"]
[EventDate "2016.06.13"]
[EventType "swiss"]
[EventRounds "9"]
[EventCountry "ROU"]
[SourceTitle "CBM 173 Extra"]
[Source "ChessBase"]
[SourceDate "2016.08.29"]
[SourceVersion "1"]
[SourceVersionDate "2016.08.29"]
[SourceQuality "1"]

1. Nf3 c5 2. c4 Nc6 3. Nc3 e5 4. e3 f5 5. d4 e4 6. Ng1 d6 7. b3 cxd4 8. exd4 Nf6 9. d5 Ne5 10. Nh3 g6 11. Qc2 Qe7 12. Be3 Bg7 13. O-O-O O-O 14. Kb1 a6 15. Na4 b5 16. Nb6 Rb8 17. c5 Nfg4 18. Bg5 Qe8 19. Nxc8 Rxc8 20. c6 Nxc6 21. dxc6 Qe5 22. Kc1 Rxc6 0-1

[Event "Figueira da Foz op 10th"]
[Site "Figueira da Foz"]
[Date "2016.10.31"]
[Round "2"]
[White "Piasetski, Leon"]
[Black "Maiorov, Nikita"]
[Result "0-1"]
[WhiteElo "2329"]
[BlackElo "2535"]
[PlyCount "72"]
[GameId "1050520390647808"]
[EventDate "2016.10.30"]
[EventType "swiss"]
[EventRounds "9"]
[EventCountry "POR"]
[SourceTitle "CBM 175 Extra"]
[Source "ChessBase"]
[SourceDate "2016.12.12"]
[SourceVersion "1"]
[SourceVersionDate "2016.12.12"]
[SourceQuality "1"]

1. Nf3 Nf6 2. c4 b6 3. d4 e6 4. e3 Bb7 5. Bd3 d5 6. cxd5 exd5 7. O-O Bd6 8. Nc3 O-O 9. b3 a6 10. Bb2 Nbd7 11. Rc1 Qe7 12. Qc2 Ne4 13. Nd2 f5 14. Rce1 Rac8 15. f3 Qh4 16. f4 Qe7 17. Nf3 c5 18. Qe2 cxd4 19. exd4 Qd8 20. Ng5 Qf6 21. Ncxe4 fxe4 22. Bxa6 Bxa6 23. Qxa6 Rc2 24. Qb5 Qf5 25. Bc1 Kh8 26. Nh3 Rxa2 27. Re2 Rxe2 28. Qxe2 Nf6 29. Nf2 Rc8 30. Qa6 h6 31. Qxb6 Bxf4 32. Bxf4 Qxf4 33. Nd1 Qg5 34. Qe6 Rc1 35. Nf2 Qd2 36. g3 e3 0-1